00330nam a2200133Ia 4500008004100000100001900041245003900060250001200099260004100111300000900152650001300161942000700174999001500181190216s9999||||xx |||||||||||||| ||und|| aAlan C Shapiro 0aMultinational Financial Management a6th Ed. bPrentice Hall Of India Pvt Ltdc2002 a731p aCommerce cBK c6224d6224